| 000 | 00849nam a22002177a 4500 | ||
|---|---|---|---|
| 999 |
_c20081 _d20081 |
||
| 003 | AR-CdUCM | ||
| 008 | 190304b ||||| |||| 00| 0 spa d | ||
| 040 |
_aMUNICIPALIDAD PROVINCIAL DEL CUSCO _cBIBLIOTECA MUNICIPAL DEL CUSCO |
||
| 082 |
_a375.2 / _bB18 |
||
| 100 |
_aBallesteros, Antonio _928305 |
||
| 245 | _aOrganización de la escuela primaria / | ||
| 260 |
_aMéxico : _bPatria, _c1972. |
||
| 300 |
_a443 páginas ; _c25 cm. |
||
| 505 | _aContenido : La organización escolar y la escuela primaria -- Concepto actual de la organización -- La iniciativa del maestro y su preparación -- Organización y didáctica pedagógica... | ||
| 650 |
_aFunciones del maestro _942010 |
||
| 650 |
_aOrganización en la escuela. _98347 |
||
| 650 |
_aSupervisión en la escuela _98348 |
||
| 700 |
_aUsano _942011 |
||
| 942 |
_2ddc _cLIBROS |
||
| 945 | _arcc | ||